000 00491nam a2200169Ia 4500
999 _c22269
_d22269
003 OSt
005 20200709142308.0
008 190216s9999||||xx |||||||||||||| ||und||
040 _coclc
082 _a297
_bAMA/I
100 _aAmani, Moulavi Muhamed
_91967
245 0 _aIslamum Pouradharmavum /
_cMoulavi Muhamed Amani
260 _bYuvatha Book House,
_c1990.
_aCalicut:
300 _a52p
650 _aIslamic History
942 _cBK
_2ddc
_h297
_iAMA/I
_k297
_mAMA/I